| 000 | 00502nam a2200181 a 4500 | ||
|---|---|---|---|
| 005 | 20140412111325.0 | ||
| 008 | 110120s19uu xx 00 eng d | ||
| 020 | _a971-771-006-6 | ||
| 050 |
_aFil 500.8'095 _bV459 1998 |
||
| 100 | _aVenida, Jamine | ||
| 245 |
_aWhen i grow up i want to a Scientist / _cJamine Venida. |
||
| 260 |
_aPhilippines : _bMuseo pambata, _c1998. |
||
| 300 | _aunp. | ||
| 440 | _aMuseo pambata | ||
| 650 | _aScientists | ||
| 650 | _aVocational interests | ||
| 999 |
_c104586 _d104586 |
||